[Event "Vlissingen HZ op 25th"]
[Site "Vlissingen"]
[Date "2023.08.12"]
[Round "9"]
[White "Van Delft, Merijn"]
[Black "Provoost, Simon"]
[Result "1-0"]
[WhiteElo "2360"]
[BlackElo "2198"]
[PlyCount "107"]
[EventDate "2023.08.05"]
[EventType "swiss"]
[EventRounds "9"]
[EventCountry "NED"]
[SourceTitle "CBM 215 Extra"]
[Source "ChessBase"]
[SourceDate "2023.09.30"]
[SourceVersion "1"]
[SourceVersionDate "2023.09.30"]
[SourceQuality "1"]

1. e4 c6 2. d4 d5 3. Nc3 dxe4 4. Nxe4 Nf6 5. Nxf6+ exf6 6. Be3 Bd6 7. Bd3 0-0 8. Ne2 Re8 9. 0-0 Nd7 10. c4 Nf8 11. Qc2 g6 12. Rfd1 f5 13. Qd2 Ne6 14. Bc2 Qf6 15. f4 Nc7 16. Nc3 Bd7 17. Bf2 Ne6 18. g3 Nc7 19. a3 Rad8 20. b4 b5 21. cxb5 Nxb5 22. Nxb5 cxb5 23. d5 a6 24. Bd4 Qe7 25. Re1 Qf8 26. Bb2 h5 27. h4 Rxe1+ 28. Rxe1 Re8 29. Rxe8 Bxe8 30. Qd4 f6 31. Kf2 Bd7 32. Bd3 Kg7 33. Qb6 Bc8 34. Bd4 Qe7 35. Bc5 Bc7 36. Qc6 Qd7 37. Qxd7+ Bxd7 38. Be2 Kf7 39. Bf3 a5 40. Ke3 axb4 41. axb4 Bb8 42. Kd4 Be8 43. Bd1 Bd7 44. Bb3 Ke8 45. d6 Bc6 46. Be6 Bf3 47. d7+ Kd8 48. Bb6+ Bc7 49. Kc5 Be2 50. Bxc7+ Kxc7 51. d8Q+ Kxd8 52. Kd6 Ke8 53. Bd7+ Kf7 54. Kc5 1-0

[Event "NED-chT 1920"]
[Site "Netherlands"]
[Date "2019.11.02"]
[Round "2.7"]
[White "Van der Heijden, Ton"]
[Black "Provoost, Simon"]
[Result "1/2-1/2"]
[WhiteElo "2307"]
[BlackElo "2213"]
[PlyCount "59"]
[EventDate "2019.09.28"]
[EventType "team-tourn"]
[EventRounds "9"]
[EventCountry "NED"]
[SourceTitle "CBM 193 Extra"]
[Source "ChessBase"]
[SourceDate "2020.01.31"]
[SourceVersion "1"]
[SourceVersionDate "2020.01.31"]
[SourceQuality "1"]
[WhiteTeam "BSG"]
[BlackTeam "Sas van Gent"]
[WhiteTeamCountry "NED"]
[BlackTeamCountry "NED"]

1. d4 Nf6 2. c4 e6 3. Nf3 d5 4. Nc3 Be7 5. Bg5 0-0 6. e3 Nbd7 7. Qc2 c6 8. 0-0-0 b6 9. Bd3 Bb7 10. Ne5 h6 11. h4 dxc4 12. Bxc4 Nd5 13. g4 Nxc3 14. bxc3 Nxe5 15. dxe5 Qc7 16. Bxe7 Qxe7 17. g5 c5 18. Rhg1 h5 19. g6 Bd5 20. Rxd5 exd5 21. Bxd5 Rad8 22. gxf7+ Rxf7 23. Qe4 Rxd5 24. Qxd5 Qxh4 25. e6 Re7 26. Qd8+ Kh7 27. Qd3+ Kg8 28. Qd8+ Kh7 29. Qd3+ Kh8 30. Qd8+ 1/2-1/2

[Event "Bruges Masters op"]
[Site "Bruges"]
[Date "2017.08.14"]
[Round "3"]
[White "Provoost, Simon"]
[Black "Motwani, Paul"]
[Result "1/2-1/2"]
[WhiteElo "2215"]
[BlackElo "2470"]
[PlyCount "116"]
[EventDate "2017.08.13"]
[EventType "swiss"]
[EventRounds "9"]
[EventCountry "BEL"]
[SourceTitle "CBM 180 Extra"]
[Source "ChessBase"]
[SourceDate "2017.10.06"]
[SourceVersion "1"]
[SourceVersionDate "2017.10.06"]
[SourceQuality "1"]

1. c4 e5 2. g3 c6 3. d4 e4 4. Nc3 Bb4 5. Bg2 d5 6. Qb3 a5 7. a3 Bxc3+ 8. Qxc3 Nf6 9. Bg5 0-0 10. f3 dxc4 11. Bxf6 Qxf6 12. fxe4 c5 13. e3 Nc6 14. e5 Qh6 15. Ne2 cxd4 16. exd4 Bg4 17. Nf4 Rad8 18. h3 Bh5 19. Nxh5 Qxh5 20. Rd1 Nxe5 21. 0-0 Nd3 22. b3 b5 23. Qxa5 Qg6 24. Qxb5 Qxg3 25. d5 Nf4 26. Rxf4 Qxf4 27. Qxc4 Qe3+ 28. Kh1 Rc8 29. Qd3 Qg5 30. a4 Rc1 31. d6 Rd8 32. b4 Rxd1+ 33. Qxd1 Qf4 34. d7 Qxb4 35. Bc6 Qc3 36. Qd6 Qxh3+ 37. Kg1 Qg4+ 38. Kf2 Qf5+ 39. Ke3 Qe6+ 40. Qxe6 fxe6 41. a5 Kf7 42. a6 Ke7 43. a7 Kd6 44. a8Q Rxa8 45. Bxa8 Kxd7 46. Be4 g6 47. Kf4 Kd6 48. Bc2 e5+ 49. Ke4 Ke6 50. Bb3+ Kf6 51. Bd5 h5 52. Bb7 g5 53. Bc8 g4 54. Bd7 Kg5 55. Kxe5 h4 56. Ke4 h3 57. Ke3 Kh4 58. Bxg4 Kxg4 1/2-1/2

[Event "NED-chT 1516"]
[Site "Netherlands"]
[Date "2015.12.12"]
[Round "4.10"]
[White "Provoost, Simon"]
[Black "Mollema, Thomas"]
[Result "0-1"]
[WhiteElo "2213"]
[BlackElo "2182"]
[PlyCount "76"]
[EventDate "2015.09.26"]
[EventType "team-tourn"]
[EventRounds "9"]
[EventCountry "NED"]
[SourceTitle "CBM 169 Extra"]
[Source "ChessBase"]
[SourceDate "2015.12.18"]
[SourceVersion "1"]
[SourceVersionDate "2015.12.18"]
[SourceQuality "1"]
[WhiteTeam "Sas van Gent"]
[BlackTeam "Calder HMC"]
[WhiteTeamCountry "NED"]
[BlackTeamCountry "NED"]

1. c4 f5 2. g3 Nf6 3. Bg2 g6 4. Nc3 Bg7 5. d3 d6 6. e4 Nc6 7. Nge2 fxe4 8. dxe4 0-0 9. 0-0 e5 10. h3 Be6 11. b3 Qd7 12. Kh2 Rf7 13. Be3 b6 14. Qd2 Raf8 15. Nd5 a5 16. Rad1 Rb8 17. Qc3 Qc8 18. a3 Kh8 19. b4 Ng8 20. Qd2 Nf6 21. Rc1 Nd7 22. Rfd1 Nf8 23. Rf1 Nd7 24. f4 axb4 25. axb4 Ra8 26. f5 Bxd5 27. cxd5 Ne7 28. fxg6 Rxf1 29. Bxf1 hxg6 30. h4 Nf6 31. Bh3 Qa6 32. Nc3 Qc4 33. Bg5 Neg8 34. Bg2 Rf8 35. Nd1 Qb3 36. Ne3 Bh6 37. Rxc7 Bxg5 38. hxg5 Qxe3 0-1

[Event "Vlissingen HZ op 19th"]
[Site "Vlissingen"]
[Date "2015.08.03"]
[Round "4"]
[White "Provoost, Simon"]
[Black "Oude Brunink, Elias"]
[Result "1/2-1/2"]
[WhiteElo "2240"]
[BlackElo "1735"]
[PlyCount "66"]
[EventDate "2015.08.01"]
[EventType "swiss"]
[EventRounds "9"]
[EventCountry "NED"]
[SourceTitle "CBM 167 Extra"]
[Source "ChessBase"]
[SourceDate "2015.09.14"]
[SourceVersion "1"]
[SourceVersionDate "2015.09.14"]
[SourceQuality "1"]

1. d4 Nf6 2. Nf3 g6 3. Bf4 Bg7 4. e3 d6 5. Be2 Nbd7 6. 0-0 c5 7. c3 0-0 8. h3 a6 9. a4 Re8 10. Bh2 d5 11. Nbd2 h6 12. b4 cxb4 13. cxb4 Ne4 14. Qc2 e5 15. dxe5 Nxe5 16. Nxe5 Bxe5 17. Bxe5 Rxe5 18. Nf3 Re7 19. Rfd1 Be6 20. Nd4 Rc8 21. Qb2 Rec7 22. Bd3 Qf6 23. Bxe4 dxe4 24. Rac1 Bc4 25. a5 Bd3 26. Rxc7 Rxc7 27. Rc1 Qd6 28. Rc3 Rc4 29. Rxc4 Bxc4 30. Qc3 Qd5 31. Qc2 f5 32. Qa4 Bb5 33. Qb3 Bc4 1/2-1/2

[Event "Vlissingen HZ op 18th"]
[Site "Vlissingen"]
[Date "2014.08.09"]
[Round "9"]
[White "Van der Zalm, Marnix"]
[Black "Provoost, Simon"]
[Result "0-1"]
[WhiteElo "2057"]
[BlackElo "2260"]
[PlyCount "56"]
[EventDate "2014.08.02"]
[EventType "swiss"]
[EventRounds "9"]
[EventCountry "NED"]
[SourceTitle "CBM 161 Extra"]
[Source "ChessBase"]
[SourceDate "2014.08.29"]
[SourceVersion "1"]
[SourceVersionDate "2014.08.29"]
[SourceQuality "1"]

1. d4 g6 2. c4 Bg7 3. Nc3 c5 4. e3 d6 5. Nf3 Nc6 6. d5 Bxc3+ 7. bxc3 Na5 8. Bd3 f5 9. h4 e5 10. dxe6 Bxe6 11. Ng5 Qf6 12. Qa4+ Nc6 13. Rb1 0-0-0 14. 0-0 h6 15. Nxe6 Qxe6 16. Bd2 Nf6 17. Rb2 Kc7 18. Rfb1 b6 19. f3 Nd7 20. Be2 g5 21. f4 Nf6 22. Bf3 Ne4 23. Be1 Rhg8 24. Qa6 Rb8 25. Bd1 gxh4 26. Ba4 Qc8 27. Qb5 Na5 28. Kh2 a6 0-1

[Event "Vlissingen HZ op 18th"]
[Site "Vlissingen"]
[Date "2014.08.03"]
[Round "2"]
[White "Provoost, Simon"]
[Black "Vanhuyse, Nele"]
[Result "1-0"]
[WhiteElo "2260"]
[BlackElo "1949"]
[PlyCount "67"]
[EventDate "2014.08.02"]
[EventType "swiss"]
[EventRounds "9"]
[EventCountry "NED"]
[SourceTitle "CBM 161 Extra"]
[Source "ChessBase"]
[SourceDate "2014.08.29"]
[SourceVersion "1"]
[SourceVersionDate "2014.08.29"]
[SourceQuality "1"]

1. d4 Nf6 2. Nf3 e6 3. Bf4 c5 4. e3 Be7 5. h3 b6 6. Nbd2 0-0 7. c3 Bb7 8. Bd3 d6 9. 0-0 cxd4 10. exd4 Ba6 11. Nc4 b5 12. Ne3 Qb6 13. a3 Bb7 14. Qe2 a6 15. Nf5 Qc7 16. Nxe7+ Qxe7 17. a4 b4 18. cxb4 Nc6 19. b5 axb5 20. Bxb5 Nb4 21. Bg5 Rfc8 22. Rfc1 h6 23. Be3 Nfd5 24. Rxc8+ Rxc8 25. Rc1 Ra8 26. Bd2 Qf6 27. Rc4 Na6 28. b4 Nac7 29. Rc1 Nxb5 30. Qxb5 Ba6 31. Qc6 Ra7 32. Qxd6 Kh7 33. b5 Bb7 34. Qb8 1-0

[Event "Vlissingen HZ op 15th"]
[Site "Vlissingen"]
[Date "2011.08.01"]
[Round "4"]
[White "Provoost, Simon"]
[Black "Van der Zalm, Marnix"]
[Result "1/2-1/2"]
[WhiteElo "2295"]
[BlackElo "2058"]
[PlyCount "101"]
[EventDate "2011.07.30"]
[EventType "swiss"]
[EventRounds "9"]
[EventCountry "NED"]
[SourceTitle "CBM 143 Extra"]
[Source "ChessBase"]
[SourceDate "2011.08.29"]
[SourceVersion "1"]
[SourceVersionDate "2011.08.29"]
[SourceQuality "1"]

1. c4 f5 2. g3 Nf6 3. Bg2 g6 4. Nc3 Bg7 5. d3 0-0 6. e4 d6 7. Nge2 c6 8. 0-0 e5 9. exf5 gxf5 10. d4 Na6 11. b3 Be6 12. Bg5 Qd7 13. Qd2 Rae8 14. Rad1 Qf7 15. d5 cxd5 16. Bxf6 Bxf6 17. Nxd5 Bg7 18. f4 Kh8 19. Nb4 Nxb4 20. Qxb4 e4 21. Rxd6 Bf6 22. Rfd1 Be7 23. Qc3+ Kg8 24. R6d2 Bc5+ 25. Kh1 Qe7 26. Qe5 Bb4 27. Rc2 Rd8 28. Rcc1 Bd6 29. Qc3 Bb4 30. Qc2 Rxd1+ 31. Rxd1 Rd8 32. Bf1 Rxd1 33. Qxd1 Bc5 34. Qd2 Qf6 35. Qc3 Qe7 36. Qd2 Bb4 37. Qb2 Qd7 38. Qd4 Qe7 39. Qxa7 Bc5 40. Qb8+ Kf7 41. Qh8 Kg6 42. Qe5 Bd6 43. Qc3 Bb4 44. Qc2 Qc5 45. Nc3 Bxc3 46. Qxc3 Qf2 47. Qa1 e3 48. Qd1 Bd7 49. Qd6+ Kh5 50. Qd1+ Kg6 51. Qd6+ 1/2-1/2

[Event "Vlissingen HZ op 14th"]
[Site "Vlissingen"]
[Date "2010.08.14"]
[Round "9"]
[White "Provoost, Simon"]
[Black "Drent, Sjoerd"]
[Result "1/2-1/2"]
[WhiteElo "2255"]
[BlackElo "2011"]
[PlyCount "35"]
[EventDate "2010.08.07"]
[EventType "swiss"]
[EventRounds "9"]
[EventCountry "NED"]
[SourceTitle "CBM 137 Extra"]
[Source "ChessBase"]
[SourceDate "2010.09.01"]
[SourceVersion "1"]
[SourceVersionDate "2010.09.01"]
[SourceQuality "1"]

1. e4 e5 2. Nc3 Nf6 3. g3 c6 4. Nf3 d5 5. Nxe5 Bd6 6. d4 Nxe4 7. Nxe4 dxe4 8. Nc4 Bc7 9. Bg2 0-0 10. 0-0 Re8 11. Re1 Be6 12. Ne3 f5 13. Nf1 Nd7 14. b3 Nf6 15. Bb2 Qd7 16. Qd2 Rad8 17. Rad1 Qf7 18. Qb4 1/2-1/2

[Event "BEL-chT 0910"]
[Site "Belgium"]
[Date "2010.02.07"]
[Round "8"]
[White "Provoost, Simon"]
[Black "Wemmers, Xander"]
[Result "0-1"]
[WhiteElo "2280"]
[BlackElo "2404"]
[PlyCount "86"]
[EventDate "2009.09.27"]
[EventType "team-tourn"]
[EventRounds "11"]
[EventCountry "BEL"]
[SourceTitle "EXT 2011"]
[Source "ChessBase"]
[SourceDate "2010.11.26"]
[SourceVersion "1"]
[SourceVersionDate "2010.11.26"]
[SourceQuality "1"]
[WhiteTeam "Aalter"]
[BlackTeam "Borgerhout"]
[WhiteTeamCountry "BEL"]
[BlackTeamCountry "BEL"]

1. d4 Nf6 2. Bg5 e6 3. e4 h6 4. Bxf6 Qxf6 5. c3 d6 6. Bd3 g6 7. Ne2 Bg7 8. 0-0 e5 9. Nd2 0-0 10. f4 exd4 11. cxd4 Bg4 12. Nf3 Nc6 13. e5 dxe5 14. fxe5 Qe7 15. Be4 Rad8 16. Qa4 Bxf3 17. Rxf3 Nxd4 18. Nxd4 Qc5 19. Rc3 Qxd4+ 20. Qxd4 Rxd4 21. Bxb7 Bxe5 22. Re1 Bd6 23. Rc2 Rd8 24. Bf3 Kg7 25. Re4 Rxe4 26. Bxe4 f5 27. Bf3 Kf6 28. g3 h5 29. Kg2 Rb8 30. b3 a5 31. Re2 Rb4 32. Rc2 Rd4 33. h3 a4 34. bxa4 Rxa4 35. Bd5 Rd4 36. Bc4 Re4 37. Kf3 g5 38. Bd3 g4+ 39. hxg4 hxg4+ 40. Kf2 Bxg3+ 41. Kg2 Re3 42. Bc4 Be5 43. a4 f4 0-1

[Event "BEL-chT 0910"]
[Site "Belgium"]
[Date "2010.01.10"]
[Round "6"]
[White "Provoost, Simon"]
[Black "Van der Stricht, Geert"]
[Result "0-1"]
[WhiteElo "2280"]
[BlackElo "2392"]
[PlyCount "142"]
[EventDate "2009.09.27"]
[EventType "team-tourn"]
[EventRounds "11"]
[EventCountry "BEL"]
[SourceTitle "EXT 2011"]
[Source "ChessBase"]
[SourceDate "2010.11.26"]
[SourceVersion "1"]
[SourceVersionDate "2010.11.26"]
[SourceQuality "1"]
[WhiteTeam "Aalter"]
[BlackTeam "KGSRL"]
[WhiteTeamCountry "BEL"]
[BlackTeamCountry "BEL"]

1. d4 d5 2. c4 e6 3. Nc3 c6 4. cxd5 exd5 5. Nf3 Bf5 6. Bg5 Be7 7. Bxe7 Nxe7 8. e3 Qb6 9. Qd2 Nd7 10. Be2 0-0 11. 0-0 a5 12. a3 Ng6 13. Na4 Qd8 14. b4 Bg4 15. Nc5 b6 16. Nxd7 Qxd7 17. bxa5 Rxa5 18. Rab1 Qc7 19. Qb4 b5 20. Rfc1 Ne7 21. Rb3 Rb8 22. Bd3 Bxf3 23. gxf3 g6 24. f4 Ra4 25. Qc5 Qd7 26. Kh1 Kg7 27. Be2 Ra6 28. Qc2 Rba8 29. Qc5 Qa7 30. Qxa7 R8xa7 31. Rcc3 Ra4 32. Kg2 Kf6 33. Kf1 Ke6 34. Bg4+ Kd6 35. Ke1 Ra8 36. Kd2 f5 37. Be2 R4a5 38. Kc2 Nc8 39. Kb2 Nb6 40. Ka2 R5a6 41. Rb1 Ra4 42. Rbc1 Nc4 43. Bxc4 dxc4 44. Kb2 Kd5 45. f3 R4a7 46. h4 Re8 47. R1c2 Rae7 48. Re2 c5 49. dxc5 Kxc5 50. Kc1 Re6 51. Kb2 Rd6 52. Rec2 Rde6 53. Re2 R8e7 54. Kc1 Rd7 55. Rec2 Ra7 56. Kb2 Rd6 57. Kc1 Ra8 58. h5 gxh5 59. Rh2 Rh6 60. Kb2 h4 61. e4 h3 62. e5 Rd8 63. Re3 Re8 64. Kc2 Ree6 65. Ree2 Rh4 66. Kc3 h6 67. Re3 Rxf4 68. Rxh3 Rd4 69. Rh5 f4 70. Rh4 fxe3 71. Rxd4 Rxe5 0-1

[Event "Vlissingen HZ op 13th"]
[Site "Vlissingen"]
[Date "2009.08.07"]
[Round "8"]
[White "Privitera, Franco"]
[Black "Provoost, Simon"]
[Result "0-1"]
[WhiteElo "2131"]
[BlackElo "2265"]
[PlyCount "50"]
[EventDate "2009.08.01"]
[EventType "swiss"]
[EventRounds "9"]
[EventCountry "NED"]
[SourceTitle "CBM 131 Extra"]
[Source "ChessBase"]
[SourceDate "2009.09.03"]
[SourceVersion "2"]
[SourceVersionDate "2009.09.16"]
[SourceQuality "1"]

1. c4 f5 2. d4 Nf6 3. Nf3 e6 4. g3 Be7 5. Bg2 0-0 6. 0-0 d6 7. Nc3 a5 8. Qc2 Nc6 9. Rd1 Qe8 10. b3 e5 11. Nb5 Bd8 12. c5 Nb4 13. Qb1 Qxb5 14. a3 Nc6 15. cxd6 cxd6 16. a4 Qb6 17. dxe5 dxe5 18. Be3 Qc7 19. b4 axb4 20. Bc5 Be7 21. Qb3+ Kh8 22. Rac1 Bxc5 23. Rxc5 Qe7 24. Rdc1 Ne4 25. Rb5 Nc3 0-1